Wszystkie Państwa co występowali chociaż raz na jesc - Statystyki

Ogólne statystyki
  • Ten quiz został rozwiązany 21 razy
  • Średni wynik to 35 z 41
Statystyki odpowiedzi
Ile razy występowali? Państwo % Poprawnych
7 Francja
100%
6 Grecja
100%
4 Litwa
100%
5 Łotwa
100%
10 Polska
100%
17 Rosja
100%
10 Belgia
94%
18 Białoruś
94%
8 Bułgaria
94%
1 Estonia
94%
9 Hiszpania
94%
21 Holandia
94%
8 Irlandia
94%
3 Niemcy
94%
3 Norwegia
94%
18 Ukraina
94%
5 Wielka Brytania
94%
9 Włochy
94%
5 Chorwacja
88%
3 Dania
88%
17 Gruzja
88%
8 Portugalia
88%
7 Rumunia
88%
2 Słowenia
88%
2 Czarnogóra
82%
18 Macedonia
82%
19 Malta
82%
14 Serbia
82%
1 Szwajcaria
82%
11 Szwecja
82%
17 Armenia
76%
5 Australia
76%
4 Azerbejdżan
76%
3 Izrael
76%
4 Mołdawia
76%
3 San Marino
76%
9 Albania
71%
5 Kazachstan
71%
9 Cypr
65%
2 Walia
47%
1 Serbia i Czarnogóra
12%
Nie znaleziono quizów pasujących do podanych kryteriów
Rozkład punktacji
Procent ludzi z każdym wynikiem
Percentyl według liczby udzielonych odpowiedzi
Twoja historia wyników
Nie rozwiązałeś tego quizu